000 00479nam a2200181Ia 4500
001 1856
005 20260306143759.0
008 260306t2013||||xx |||||||||||||| ||spa||
041 _aESP
082 _a155.8986
_bC75
100 _aColegio Colombiano de Psicólogos
_eAUT
245 0 _aDeontología y bioética del ejercicio de la psicología en Colombia
260 _c2013
300 _a213 páginas :
_c23 cm.
650 _aGEN
654 _aCPS
942 _cLIB
_dJUS
_fJUS
_2ddc
_n
999 _c1856
_d1856